5-Letter Ends in 'E' Quiz Stats

Quiz Updated Mar 16, 2016

Challenge
Share
Tweet
Embed
Score 0/25 Timer 04:00
9 Plays Today
5-Letter Word % Correct
Oobese
95.1%
Uuncle
94.3%
Kknife
93.8%
Jjudge
91.1%
Bbaste
89.6%
Pprime
89.5%
Cclone
87.9%
Vvogue
87.8%
Aabode
87.2%
Iirate
87.1%
Qquote
85.5%
Hhedge
83.7%
Ggnome
83.5%
5-Letter Word % Correct
Lladle
83%
Tthree
77.1%
Ffudge
75.2%
Ssauce
72.8%
Eemcee
70.1%
Nnaïve
67.5%
Wwedge
51.3%
Mmoxie
47.1%
Ddiode
39.5%
YYorke
36.4%
Rrhyme
33.2%
Zzowie
27.4%

You're not logged in!

Compare scores with friends on all Sporcle quizzes.
Join for Free
OR
Log In

You Might Also Like...

Show Comments

Extras

Top Quizzes Today


Score Distribution

Your Account Isn't Verified!

In order to create a playlist on Sporcle, you need to verify the email address you used during registration. Go to your Sporcle Settings to finish the process.

Report this User

Report this user for behavior that violates our Community Guidelines.

Details: